[Event "Open Loire"]
[Site "?"]
[Date "2001.03.24"]
[Round "1"]
[White "Mujic, Saban"]
[Black "Conesa, Antoine"]
[Result "1-0"]
[WhiteElo "1810"]
[BlackElo "1420"]
[PlyCount "61"]
[EventDate "1996.??.??"]

1. d4 d6 2. e4 d5 3. e5 e6 4. Nf3 h6 5. c4 c5 6. cxd5 exd5 7. Bb5+ Bd7 8. Qa4
a6 9. Bxd7+ Nxd7 10. O-O b5 11. Qd1 Ne7 12. Re1 Nc6 13. dxc5 Nxc5 14. Nc3 d4
15. Ne4 Ne6 16. a3 Be7 17. Qc2 Rc8 18. Qb3 O-O 19. Bd2 Na5 20. Bxa5 Qxa5 21.
Rac1 Qd8 22. Red1 Rxc1 23. Rxc1 Nc5 24. Nxc5 Qc7 25. Nd3 Qb6 26. Qd5 Rd8 27.
Qc6 Qa5 28. e6 f6 29. Qb7 Kf8 30. Nb4 Bxb4 31. Qf7# 1-0

[Event "Open Loire"]
[Site "?"]
[Date "2001.03.24"]
[Round "1"]
[White "Valet, Godeffroy"]
[Black "Bastien, Daniel"]
[Result "0-1"]
[WhiteElo "1420"]
[BlackElo "1650"]
[PlyCount "108"]
[EventDate "1996.??.??"]

1. e4 d6 2. Nc3 g6 3. b3 Bg7 4. Bb2 Nf6 5. Nf3 Bg4 6. Rb1 O-O 7. Bc4 Nbd7 8.
O-O Ne5 9. Be2 c6 10. d4 Nxf3+ 11. Bxf3 Bxf3 12. Qxf3 Nd7 13. Ne2 f5 14. Ng3
fxe4 15. Qe2 d5 16. c4 e6 17. Qg4 Qe7 18. a4 Rf7 19. Ne2 a6 20. c5 Raf8 21. Bc1
e5 22. Be3 exd4 23. Bxd4 Bxd4 24. Nxd4 Nxc5 25. Rbc1 Nd3 26. Rc2 Rf6 27. Re2
Qf7 28. f3 c5 29. Nc2 exf3 30. Re3 fxg2 31. Rxf6 Qxf6 32. Qxg2 Qf2+ 33. Qxf2
Nxf2 34. Rc3 Ne4 35. Ne3 Nxc3 36. Kg2 d4 37. Nc4 b5 38. axb5 axb5 39. Nd2 d3
40. Ne4 Nxe4 41. Kh3 h6 42. Kh4 Rf3 43. h3 d2 44. b4 Rxh3+ 45. Kxh3 d1=Q 46.
bxc5 Nxc5 47. Kh4 Qh5+ 48. Kg3 Qf5 49. Kh4 Kg7 50. Kg3 g5 51. Kg2 Qf4 52. Kh3
Ne4 53. Kg2 Qf2+ 54. Kh1 Ng3# 0-1

[Event "Open Loire"]
[Site "?"]
[Date "2001.03.24"]
[Round "1"]
[White "Simon, Joel"]
[Black "Rengame, Mohane"]
[Result "1-0"]
[WhiteElo "1650"]
[BlackElo "1400"]
[PlyCount "39"]
[EventDate "1996.??.??"]

1. d4 Nf6 2. f3 d5 3. e4 dxe4 4. Nc3 exf3 5. Nxf3 g6 6. Bc4 Bg7 7. O-O O-O 8.
Qe1 Bf5 9. Bb3 c6 10. Qh4 h5 11. Ne2 e6 12. c3 Nbd7 13. Bg5 Kh7 14. Ne5 Qc7 15.
Ng3 Nxe5 16. Bxf6 Nd7 17. Bg5 f6 18. Bf4 e5 19. Nxh5 exf4 20. Nxf6# 1-0

[Event "Open Loire"]
[Site "?"]
[Date "2001.03.24"]
[Round "1"]
[White "Barthelemy, Jerome"]
[Black "Chabas, Jean-Luc"]
[Result "0-1"]
[WhiteElo "1360"]
[BlackElo "1640"]
[PlyCount "54"]
[EventDate "1996.??.??"]

1. c4 c6 2. d4 d5 3. Nc3 e6 4. Nf3 Nf6 5. Bg5 Nbd7 6. cxd5 exd5 7. e3 Bd6 8.
Bd3 h6 9. Bh4 O-O 10. O-O Re8 11. Qc2 b6 12. Rfc1 Bb7 13. Rab1 a6 14. b4 c5 15.
bxc5 Be7 16. cxb6 Rc8 17. a4 Nb8 18. a5 Nc6 19. Ra1 Nb4 20. Qd2 Ne4 21. Bxe4
Bxh4 22. Nxh4 dxe4 23. Nf5 Qf6 24. Ng3 Qg6 25. Na4 Nd3 26. Rxc8 Rxc8 27. Nc5
Nxc5 0-1

[Event "Open Loire"]
[Site "?"]
[Date "2001.03.24"]
[Round "1"]
[White "Trevy, Nelly"]
[Black "Reissier, Aymeric"]
[Result "1/2-1/2"]
[WhiteElo "1600"]
[BlackElo "1360"]
[PlyCount "111"]
[EventDate "1996.??.??"]

1. e4 e6 2. d4 d5 3. exd5 exd5 4. c4 c6 5. Nf3 Nf6 6. Bg5 Be7 7. Nc3 h6 8. Bf4
Be6 9. c5 O-O 10. Bd3 b6 11. b4 Qd7 12. O-O Bf5 13. Ne5 Qc8 14. Re1 Bxd3 15.
Qxd3 Nbd7 16. Nxc6 Qxc6 17. Rxe7 bxc5 18. bxc5 Rfe8 19. Rae1 Nf8 20. Rxe8 Rxe8
21. Be5 Ng6 22. Qf3 Nxe5 23. dxe5 Qxc5 24. h3 d4 25. Ne4 Nxe4 26. Qxe4 Qc3 27.
f4 Kh8 28. f5 d3 29. Qe3 Qc2 30. Rf1 d2 31. Qe2 Rd8 32. Rd1 Qxa2 33. e6 fxe6
34. fxe6 Re8 35. e7 Qf7 36. Qxd2 Qxe7 37. Qd4 Qe3+ 38. Qxe3 Rxe3 39. Ra1 Re7
40. Kf2 Kg8 41. Kf3 Kf7 42. Kg4 g6 43. Kf4 Kf6 44. Ra6+ Kf7 45. h4 Rb7 46. g4
Rb4+ 47. Kf3 Rb7 48. Ke4 h5 49. gxh5 gxh5 50. Kf5 Rb5+ 51. Kf4 Rb7 52. Kg5 Rb5+
53. Kf4 Rb7 54. Kf5 Ke7 55. Kg5 Rb5+ 56. Kf4 1/2-1/2

[Event "Open Loire"]
[Site "?"]
[Date "2001.03.24"]
[Round "1"]
[White "Treveys, Maxime"]
[Black "Vernay, Clovis"]
[Result "0-1"]
[WhiteElo "1360"]
[BlackElo "1590"]
[PlyCount "78"]
[EventDate "1996.??.??"]

1. d4 Nf6 2. c4 g6 3. Nc3 Bg7 4. e4 d6 5. Nf3 O-O 6. Be2 Nbd7 7. O-O e5 8. d5
Ne8 9. Nd2 Nc5 10. Nb3 Nxb3 11. Qxb3 f5 12. exf5 gxf5 13. Nd1 Nf6 14. Bg5 Qe8
15. f3 Qg6 16. h4 h6 17. Bd2 Nh5 18. Be1 f4 19. Bd3 Qf6 20. Nc3 Ng3 21. Ne4
Qxh4 22. Nf2 b6 23. Qb5 Bf5 24. Qb3 a5 25. Qc2 Rae8 26. Bxf5 Rxf5 27. Nh3 Rg5
28. Rd1 Qh5 29. Rf2 Kh8 30. Qa4 Bf6 31. Qd7 Bd8 32. Rc2 Reg8 33. Rdd2 R5g7 34.
Qc6 Nf5 35. Kh2 Ne3 36. Qa4 Nf1+ 37. Kg1 Nxd2 38. Rxd2 Qxh3 39. Qc2 Qxf3 0-1

[Event "Open Loire"]
[Site "?"]
[Date "2001.03.24"]
[Round "1"]
[White "Campoy, Jean"]
[Black "Reissier, Amandine"]
[Result "1-0"]
[WhiteElo "1580"]
[BlackElo "1310"]
[PlyCount "105"]
[EventDate "1996.??.??"]

1. e4 e6 2. Nc3 d5 3. exd5 exd5 4. d4 Bb4 5. Bd2 Nf6 6. Nf3 O-O 7. Be2 Be6 8.
O-O c5 9. a3 Bxc3 10. Bxc3 c4 11. b3 cxb3 12. cxb3 Nc6 13. Bd2 Rc8 14. Bg5 h6
15. Bh4 Bg4 16. Re1 Qd6 17. Bg3 Qd7 18. Bb5 Ne4 19. Qd3 a6 20. Bxc6 Qxc6 21.
Ne5 Qe6 22. Rac1 Rfe8 23. Bf4 Bf5 24. Qe3 f6 25. Nf3 g5 26. Bg3 Nxg3 27. Qxe6+
Rxe6 28. Rxc8+ Kf7 29. Rc7+ Kg6 30. Rxe6 Bxe6 31. hxg3 b5 32. Rc6 Bf5 33. Rxa6
Bc2 34. b4 Kf5 35. Rc6 Bd3 36. Ne1 Bc4 37. f3 Kg6 38. Nc2 h5 39. Ne3 Bb3 40.
Rc5 f5 41. Nxd5 Bxd5 42. Rxd5 h4 43. gxh4 gxh4 44. Rxb5 Kg5 45. a4 Kf4 46. a5
Ke3 47. a6 Kxd4 48. a7 Kc4 49. Rxf5 Kxb4 50. a8=Q Kc4 51. Qc6+ Kb4 52. Rb5+ Ka4
53. Qa6# 1-0

[Event "Open Loire"]
[Site "?"]
[Date "2001.03.24"]
[Round "1"]
[White "Farge, Damien"]
[Black "Valjan, Berislav"]
[Result "0-1"]
[WhiteElo "1299"]
[BlackElo "1580"]
[PlyCount "72"]
[EventDate "1996.??.??"]

1. e4 e5 2. Nf3 d6 3. d4 exd4 4. Nxd4 Nf6 5. Nc3 a6 6. Bc4 c5 7. Nf5 g6 8.
Nxd6+ Qxd6 9. Qxd6 Bxd6 10. Bh6 Be5 11. O-O Bxc3 12. bxc3 Ng4 13. Bf4 Nc6 14.
h3 Nge5 15. Bd5 Be6 16. Bxe6 fxe6 17. Rad1 O-O 18. Bh6 Rfd8 19. f4 Nf7 20. Bg5
Nxg5 21. fxg5 Rxd1 22. Rxd1 Rd8 23. Rf1 Rd2 24. c4 Rxc2 25. Rf6 Nd4 26. g4 Rxa2
27. h4 b5 28. h5 gxh5 29. gxh5 b4 30. g6 hxg6 31. hxg6 b3 32. Rf7 b2 33. Rb7
Ra1+ 34. Kf2 b1=Q 35. Rxb1 Rxb1 36. Kg3 Kg7 0-1

[Event "Open Loire"]
[Site "?"]
[Date "2001.03.24"]
[Round "1"]
[White "Pareux, Marc"]
[Black "Gerey, Jean-Pierre"]
[Result "1-0"]
[WhiteElo "1530"]
[BlackElo "1280"]
[PlyCount "77"]
[EventDate "1996.??.??"]

1. d4 d5 2. e4 e6 3. Be3 Nc6 4. Nd2 Nge7 5. c3 a6 6. Bd3 g6 7. e5 Bg7 8. f4 Nf5
9. Bf2 Nh4 10. Qg4 Nf5 11. h4 h5 12. Qf3 b5 13. Nh3 Nxh4 14. Qg3 Nf5 15. Bxf5
exf5 16. Qe3 Qe7 17. Ng1 b4 18. Bh4 f6 19. Ngf3 Qe6 20. Nb3 a5 21. Nc5 Qe7 22.
O-O O-O 23. Rae1 Ba6 24. Nxa6 Rxa6 25. Qd3 Rb6 26. exf6 Qd6 27. fxg7 Kxg7 28.
Ne5 Kh6 29. Bg5+ Kh7 30. Nxc6 Rxc6 31. Be7 Qd8 32. Bxd8 Rxd8 33. Re7+ Kg8 34.
Rfe1 Rf8 35. Qg3 Rcf6 36. Rxc7 Rb8 37. Qf3 Rfb6 38. Qxd5+ Kf8 39. Qf7# 1-0

[Event "Open Loire"]
[Site "?"]
[Date "2001.03.24"]
[Round "1"]
[White "Trottet, Francois"]
[Black "Gidon, Rene"]
[Result "0-1"]
[WhiteElo "1270"]
[BlackElo "1530"]
[PlyCount "40"]
[EventDate "1996.??.??"]

1. e4 e5 2. Nf3 Nc6 3. Bc4 Bc5 4. O-O Nf6 5. Re1 O-O 6. h3 d6 7. c3 Be6 8. Bxe6
fxe6 9. d4 exd4 10. cxd4 Bb6 11. a3 Qd7 12. Nc3 Rad8 13. Bg5 Ne7 14. Qd3 a6 15.
Rac1 c5 16. Bxf6 Rxf6 17. d5 e5 18. Ng5 c4 19. Qd2 Rxf2 20. Qd1 Rd2+ 0-1

[Event "Open Loire"]
[Site "?"]
[Date "2001.03.24"]
[Round "1"]
[White "Bazoux, Sebastien"]
[Black "Mialon, Franck"]
[Result "1-0"]
[WhiteElo "1499"]
[BlackElo "1250"]
[PlyCount "109"]
[EventDate "1996.??.??"]

1. d4 f5 2. Nf3 Nf6 3. Bf4 e6 4. h3 Nc6 5. e3 Ne4 6. Nbd2 Bb4 7. c3 Be7 8. Bd3
O-O 9. Nxe4 fxe4 10. Bxe4 d5 11. Bc2 e5 12. Nxe5 Nxe5 13. Bxe5 Bd6 14. Bxd6
Qxd6 15. Qd3 Bf5 16. Qd2 Rae8 17. Bxf5 Rxf5 18. g4 Rf3 19. O-O-O Ref8 20. Rdf1
c5 21. h4 cxd4 22. exd4 Qa6 23. a3 b5 24. Rhg1 b4 25. cxb4 Rc8+ 26. Kb1 Qg6+
27. Ka1 Rc2 28. Qe1 Qc6 29. Rg3 Rf8 30. Rc3 Qa4 31. Rxc2 Qxc2 32. f4 a5 33.
bxa5 Rb8 34. Qc1 Qe4 35. a6 Qxd4 36. Qc3 Qb6 37. Rd1 Qxa6 38. Rxd5 Rc8 39. Qd3
Qb6 40. Ka2 Rb8 41. b4 Qf2+ 42. Kb3 Qxf4 43. Rd8+ Rxd8 44. Qxd8+ Kf7 45. Qd7+
Kg8 46. Qe8+ Qf8 47. Qxf8+ Kxf8 48. Kc4 Kf7 49. a4 Ke6 50. Kc5 Kf6 51. a5 Ke6
52. a6 Kd7 53. Kb6 Kc8 54. Ka7 h5 55. gxh5 1-0

[Event "Open Loire"]
[Site "?"]
[Date "2001.03.24"]
[Round "1"]
[White "Gerey, Bernard"]
[Black "Soler, Gerald"]
[Result "1/2-1/2"]
[WhiteElo "1240"]
[BlackElo "1499"]
[PlyCount "50"]
[EventDate "1996.??.??"]

1. e4 e5 2. Nf3 Nc6 3. d4 exd4 4. Nxd4 Nge7 5. Nf3 g6 6. Bg5 h6 7. Bh4 g5 8.
Bg3 Ng6 9. Bd3 Bg7 10. Nc3 Bxc3+ 11. bxc3 d6 12. Be2 Bg4 13. Nxg5 Be6 14. Nxe6
fxe6 15. O-O Qd7 16. Bh5 Rg8 17. Qg4 Nce7 18. Qf3 O-O-O 19. Qe3 Kb8 20. Qxh6
Rh8 21. Qg5 Rdg8 22. Rad1 Nf8 23. Qh4 Nfg6 24. Qg5 Nf8 25. Qa5 Nc6 1/2-1/2

[Event "Open Loire"]
[Site "?"]
[Date "2001.03.24"]
[Round "1"]
[White "Raymond, Andre"]
[Black "Bourgin, Christian"]
[Result "1-0"]
[WhiteElo "1490"]
[BlackElo "1199"]
[PlyCount "61"]
[EventDate "1996.??.??"]

1. e4 Nc6 2. Nf3 d6 3. d4 e6 4. Bb5 Bd7 5. Nc3 Nf6 6. d5 exd5 7. exd5 Qe7+ 8.
Be3 Na5 9. Bxd7+ Nxd7 10. O-O Nc4 11. Re1 Nxb2 12. Qc1 Nc4 13. Bg5 Qxe1+ 14.
Qxe1+ Nce5 15. Nxe5 dxe5 16. Nb5 Bd6 17. Nxd6+ cxd6 18. Qb4 O-O 19. Qxd6 f6 20.
Qxd7 fxg5 21. Qe6+ Rf7 22. Qxe5 h6 23. h3 Raf8 24. f3 Rf5 25. Qe6+ R8f7 26. Rd1
h5 27. d6 R5f6 28. Qc8+ Rf8 29. d7 Rc6 30. Qxf8+ Kxf8 31. d8=Q+ 1-0

[Event "Open Loire"]
[Site "?"]
[Date "2001.03.24"]
[Round "1"]
[White "Pinte, Damien"]
[Black "Bournez, Gerard"]
[Result "0-1"]
[WhiteElo "1180"]
[BlackElo "1470"]
[PlyCount "98"]
[EventDate "1996.??.??"]

1. e4 c5 2. Nf3 Nc6 3. Nc3 e5 4. Bc4 h6 5. O-O d6 6. h3 Nf6 7. d3 Be7 8. b3 O-O
9. Bb2 Nd4 10. Nxd4 cxd4 11. Ne2 a6 12. c3 b5 13. Bd5 Nxd5 14. exd5 dxc3 15.
Bxc3 Bb7 16. d4 Bf6 17. dxe5 Bxe5 18. Bxe5 dxe5 19. d6 Qd7 20. Nc3 Qc6 21. f3
Qxc3 22. Rc1 Qd4+ 23. Qxd4 exd4 24. Rcd1 Bd5 25. Rxd4 Be6 26. Rfd1 Rfd8 27.
R1d3 Rac8 28. a4 Rc1+ 29. Kh2 Rb1 30. axb5 axb5 31. b4 Kf8 32. f4 Bc4 33. Rd1
Rxb4 34. d7 Ra4 35. g4 Be6 36. f5 Rxd4 37. Rxd4 Bxd7 38. h4 Ke7 39. g5 Bxf5 40.
Rf4 Ke6 41. gxh6 gxh6 42. Kg3 Ke5 43. Rb4 Rd5 44. Rb2 Bd3 45. Kg4 Rd4+ 46. Kh5
f6 47. Rd2 Bg6+ 48. Kxg6 Rxd2 49. Kxh6 Kf5 0-1

[Event "Open Loire"]
[Site "?"]
[Date "2001.03.24"]
[Round "1"]
[White "Vinot, Raoul"]
[Black "Veyrat, Gerard"]
[Result "1-0"]
[WhiteElo "1470"]
[BlackElo "1150"]
[PlyCount "129"]
[EventDate "1996.??.??"]

1. d4 d5 2. c4 c6 3. Nc3 Nf6 4. Nf3 e6 5. Bg5 Be7 6. e3 O-O 7. Bd3 g6 8. Bh6
Re8 9. O-O Ng4 10. Bf4 Bd6 11. Bg5 Qc7 12. g3 Nd7 13. c5 Be7 14. Bf4 e5 15.
dxe5 Ngxe5 16. b4 Bf6 17. Rc1 b6 18. e4 bxc5 19. exd5 cxd5 20. Nxd5 Qc6 21.
Nxf6+ Nxf6 22. Bxe5 Bg4 23. Kg2 Bxf3+ 24. Qxf3 Qxf3+ 25. Kxf3 Rxe5 26. bxc5 Rc8
27. c6 h5 28. Rc3 Ng4 29. Kg2 Rc7 30. Rb1 Re6 31. Rb8+ Kg7 32. Bb5 Ne5 33. Rb7
Ree7 34. Rb8 Kh6 35. Re3 f6 36. Rc3 Ng4 37. Ba6 g5 38. Rb7 h4 39. Kh3 Nxf2+ 40.
Kg2 Ne4 41. Re3 f5 42. g4 f4 43. Re1 Rf7 44. Rxe4 f3+ 45. Kf2 Kg6 46. Rxc7 Rxc7
47. Re6+ Kf7 48. Bc4 a5 49. Kxf3 a4 50. Re4+ Kf6 51. Bb5 a3 52. Ra4 Ke5 53.
Rxa3 Kd5 54. Rc3 Kd4 55. Rc4+ Kd5 56. a4 Kd6 57. a5 Ke7 58. a6 Kd8 59. Ra4 Kc8
60. a7 Rxa7 61. Rxa7 Kb8 62. Rh7 Kc8 63. Ba6+ Kb8 64. c7+ Ka7 65. c8=Q+ 1-0

[Event "Open Loire"]
[Site "?"]
[Date "2001.03.24"]
[Round "1"]
[White "Bruyas, Benjamin"]
[Black "Brachet, Gerard"]
[Result "0-1"]
[WhiteElo "1110"]
[BlackElo "1450"]
[PlyCount "52"]
[EventDate "1996.??.??"]

1. e4 e5 2. Nf3 Nc6 3. Bc4 Nf6 4. d3 Bc5 5. b3 Ng4 6. O-O d6 7. Nc3 a6 8. Bd5
Nd4 9. Na4 c6 10. Bxf7+ Kxf7 11. Ng5+ Kg8 12. h3 Nf6 13. Be3 h6 14. Nf3 Ne6 15.
c3 b5 16. Nb2 Bb6 17. Qd2 g5 18. d4 exd4 19. cxd4 d5 20. e5 Ne4 21. Qc2 c5 22.
Qd3 Bd7 23. Rac1 Rc8 24. dxc5 N6xc5 25. Qxd5+ Be6 26. Qb7 Nxb7 0-1

[Event "Open Loire"]
[Site "?"]
[Date "2001.03.24"]
[Round "2"]
[White "Gidon, Rene"]
[Black "Mujic, Saban"]
[Result "0-1"]
[WhiteElo "1520"]
[BlackElo "1810"]
[PlyCount "90"]
[EventDate "1996.??.??"]

1. e4 c5 2. Nf3 e6 3. d4 cxd4 4. Nxd4 Nf6 5. Nc3 a6 6. Bc4 d6 7. O-O Nc6 8. Bg5
Be7 9. Nf3 O-O 10. Qd2 Qc7 11. Rae1 b5 12. Bb3 Rd8 13. Qc1 Na5 14. Re2 Bb7 15.
Rd1 Nxb3 16. axb3 b4 17. Na2 a5 18. Qf4 e5 19. Qh4 Rac8 20. c4 bxc3 21. bxc3
Qb6 22. Nd2 d5 23. exd5 Rxd5 24. Kh1 Rcd8 25. Be3 Qe6 26. Rde1 Ng4 27. Qg3 f5
28. Bf4 e4 29. h3 Rd3 30. Nf3 Nf6 31. Ng5 Qxb3 32. Qh4 h6 33. Nc1 hxg5 34. Bxg5
Qxc3 35. Nxd3 Rxd3 36. Rc1 Qd4 37. Ree1 Rc3 38. Qf4 Rxc1 39. Rxc1 Qd5 40. h4 e3
41. f3 e2 42. Qe3 Qd1+ 43. Kh2 Bd6+ 44. f4 Ng4+ 45. Kg3 Nxe3 0-1

[Event "Open Loire"]
[Site "?"]
[Date "2001.03.24"]
[Round "2"]
[White "Bastien, Daniel"]
[Black "Pareux, Marc"]
[Result "1-0"]
[WhiteElo "1650"]
[BlackElo "1530"]
[PlyCount "71"]
[EventDate "1996.??.??"]

1. c4 e5 2. Nc3 d6 3. Nf3 f5 4. d3 Nf6 5. g3 Be7 6. Bg2 O-O 7. O-O Be6 8. Ng5
Bc8 9. Nd5 c6 10. Nxe7+ Qxe7 11. Qb3 Na6 12. Qc2 Nc7 13. a3 h6 14. Nf3 Nh7 15.
Bd2 g5 16. e3 Ne6 17. Bc3 Bd7 18. Rad1 f4 19. exf4 gxf4 20. Nh4 Qf7 21. d4 e4
22. d5 Nc5 23. dxc6 bxc6 24. Rxd6 Qh5 25. b4 Nd3 26. Rxd7 Rf7 27. Rxf7 Kxf7 28.
Rd1 Rd8 29. Bf1 Ng5 30. Bxd3 Nf3+ 31. Nxf3 exf3 32. Bf1 Re8 33. c5 Qg5 34. Qd2
h5 35. Qd7+ Re7 36. Bc4+ 1-0

[Event "Open Loire"]
[Site "?"]
[Date "2001.03.24"]
[Round "2"]
[White "Bournez, Gerard"]
[Black "Simon, Joel"]
[Result "1/2-1/2"]
[WhiteElo "1470"]
[BlackElo "1650"]
[PlyCount "101"]
[EventDate "1996.??.??"]

1. e4 d6 2. Bc4 Nf6 3. d3 g6 4. a3 Bg7 5. c3 c5 6. Nf3 O-O 7. h3 Nc6 8. Be3 a6
9. O-O b5 10. Ba2 c4 11. Qc2 cxd3 12. Qxd3 Nd7 13. Nbd2 Nde5 14. Nxe5 Nxe5 15.
Qe2 Bb7 16. Bd4 Rc8 17. f4 Nc4 18. Nxc4 bxc4 19. Bxg7 Kxg7 20. Bxc4 Qb6+ 21.
Kh2 Rc7 22. Rab1 a5 23. f5 Rxc4 24. Qxc4 Ba6 25. Qd4+ Qxd4 26. cxd4 Bxf1 27.
Rxf1 Rb8 28. Rf2 Rb3 29. fxg6 hxg6 30. e5 dxe5 31. dxe5 Re3 32. Rf3 Rxe5 33. b4
f5 34. Rb3 axb4 35. axb4 Rb5 36. Kg3 e5 37. Kf3 Kf7 38. g3 Ke6 39. h4 Kd5 40.
g4 Kc4 41. Rb1 Rb6 42. gxf5 gxf5 43. b5 Kd5 44. h5 Ke6 45. h6 Kf7 46. h7 Kg7
47. Rh1 Kh8 48. Rh5 e4+ 49. Kf4 Rxb5 50. Rh2 Rd5 51. Rh1 1/2-1/2

[Event "Open Loire"]
[Site "?"]
[Date "2001.03.24"]
[Round "2"]
[White "Chabas, Jean-Luc"]
[Black "Bazoux, Sebastien"]
[Result "1-0"]
[WhiteElo "1640"]
[BlackElo "1499"]
[PlyCount "37"]
[EventDate "1996.??.??"]

1. e4 c5 2. Nf3 Qc7 3. d4 cxd4 4. Nxd4 Nc6 5. Nc3 g6 6. Ndb5 Qb8 7. Nd5 Qe5 8.
Ndc7+ Kd8 9. Nxa8 a6 10. Nc3 Nf6 11. Bd3 e6 12. O-O Bd6 13. f4 Qc5+ 14. Kh1 Bb8
15. Na4 Qe7 16. N8b6 Qd6 17. e5 Qc7 18. Bd2 Nh5 19. Na8 1-0

[Event "Open Loire"]
[Site "?"]
[Date "2001.03.24"]
[Round "2"]
[White "Vernay, Clovis"]
[Black "Raymond, Andre"]
[Result "1-0"]
[WhiteElo "1590"]
[BlackElo "1490"]
[PlyCount "65"]
[EventDate "1996.??.??"]

1. d4 g6 2. c4 Bg7 3. Nc3 d6 4. Nf3 Nf6 5. g3 O-O 6. Bg2 Bg4 7. O-O Bxf3 8.
Bxf3 c6 9. e4 e5 10. Be3 exd4 11. Bxd4 c5 12. Be3 a6 13. Bg2 Nc6 14. f4 Re8 15.
a3 Qd7 16. h3 Re7 17. Qc2 Rb8 18. Rad1 Qc7 19. Nd5 Nxd5 20. cxd5 Nd4 21. Qf2
Ree8 22. b4 b6 23. Rc1 Nb3 24. Rc2 Bd4 25. Bxd4 Nxd4 26. Qxd4 Qd7 27. Qd3 cxb4
28. axb4 Qa4 29. Rc6 Qxb4 30. Qxa6 Qd4+ 31. Kh2 Ra8 32. Qxb6 Ra2 33. Qxd4 1-0

[Event "Open Loire"]
[Site "?"]
[Date "2001.03.24"]
[Round "2"]
[White "Brachet, Gerard"]
[Black "Campoy, Jean"]
[Result "0-1"]
[WhiteElo "1450"]
[BlackElo "1580"]
[PlyCount "128"]
[EventDate "1996.??.??"]

1. Nf3 Nc6 2. c4 e5 3. d4 exd4 4. Nxd4 Nf6 5. Bg5 Be7 6. e3 O-O 7. Nc3 d6 8.
Bd3 Nxd4 9. exd4 h6 10. Bxf6 Bxf6 11. Be4 c6 12. O-O Qb6 13. Na4 Qxd4 14. Qxd4
Bxd4 15. Rad1 Be5 16. Rfe1 f5 17. Bf3 Rb8 18. b4 b5 19. Bxc6 bxa4 20. b5 Bb7
21. c5 Rfd8 22. Kf1 Bxc6 23. bxc6 Rbc8 24. cxd6 Bxd6 25. Rc1 Bxh2 26. g3 f4 27.
Kg2 fxg3 28. c7 Rd2 29. Re8+ Rxe8 30. c8=Q Rxc8 31. Rxc8+ Kh7 32. Rc1 Rxf2+ 33.
Kh3 Rxa2 34. Rc7 Rb2 35. Rxa7 g2 36. Kxh2 Rb4 37. Kxg2 h5 38. Ra5 Kh6 39. Kh3
Rb3+ 40. Kh4 Rb4+ 41. Kh3 g6 42. Ra8 Kg5 43. Ra5+ Kf4 44. Kh4 Re4 45. Ra6 Kf3+
46. Kg5 Rg4+ 47. Kh6 h4 48. Rf6+ Kg3 49. Rc6 h3 50. Rc3+ Kh4 51. Rc2 Rg2 52.
Rc4+ Rg4 53. Rc2 g5 54. Kg6 Rg2 55. Rc4+ g4 56. Rxa4 h2 57. Ra5 Kg3 58. Ra3+
Kf2 59. Ra1 Rg1 60. Ra2+ Kg3 61. Ra3+ Kh4 62. Ra5 h1=Q 63. Rh5+ Kg3 64. Rxh1
Rxh1 0-1

[Event "Open Loire"]
[Site "?"]
[Date "2001.03.24"]
[Round "2"]
[White "Valjan, Berislav"]
[Black "Vinot, Raoul"]
[Result "1-0"]
[WhiteElo "1580"]
[BlackElo "1470"]
[PlyCount "101"]
[EventDate "1996.??.??"]

1. d4 d5 2. Nf3 Nf6 3. Bf4 Bg4 4. h3 Bh5 5. e3 e6 6. Be2 Nc6 7. O-O Be7 8. Nbd2
Bg6 9. Bb5 O-O 10. Bxc6 bxc6 11. c3 Bh5 12. g4 Bg6 13. Ne5 Qe8 14. Nxg6 fxg6
15. b4 Bd6 16. Bg3 Qd8 17. f4 a5 18. a3 g5 19. fxg5 Bxg3 20. gxf6 Rxf6 21. Nb3
Qd6 22. Rxf6 gxf6 23. Qf3 axb4 24. axb4 Rf8 25. Nc5 Bh4 26. Ra7 Rf7 27. e4 Bg5
28. Ra8+ Rf8 29. Rxf8+ Kxf8 30. Kg2 Kg7 31. Nd3 dxe4 32. Qxe4 Bd2 33. Nc5 Qd5
34. Nxe6+ Kf7 35. Qxd5 cxd5 36. Nxc7 Bxc3 37. Nxd5 Bxd4 38. b5 Ke6 39. Nb4 Kd6
40. Nd3 Kc7 41. Kf3 Kb6 42. Ke4 Ba1 43. Kf5 Kxb5 44. Nf4 Kc6 45. Nh5 Kd5 46.
Nxf6+ Bxf6 47. Kxf6 Ke4 48. Kg7 Kf4 49. Kxh7 Kg5 50. Kg7 Kh4 51. Kf6 1-0

[Event "Open Loire"]
[Site "?"]
[Date "2001.03.24"]
[Round "2"]
[White "Soler, Gerald"]
[Black "Trevy, Nelly"]
[Result "0-1"]
[WhiteElo "1499"]
[BlackElo "1600"]
[PlyCount "56"]
[EventDate "1996.??.??"]

1. e4 c6 2. Nc3 d5 3. exd5 cxd5 4. Nf3 Bg4 5. h3 Bh5 6. Be2 Nf6 7. d4 e6 8. Bg5
Nc6 9. a3 Bd6 10. Nb5 Be7 11. Qd3 O-O 12. O-O Bg6 13. Qd2 Ne4 14. Qd1 Nxg5 15.
Nxg5 Bxg5 16. Re1 Rc8 17. Nc3 Bf6 18. Bb5 Nxd4 19. Bd3 Bxd3 20. cxd3 Qb6 21.
Qd2 Nb3 22. Qe2 Nxa1 23. Rxa1 Bxc3 24. bxc3 Rxc3 25. g3 Rfc8 26. Qe5 Rc1+ 27.
Rxc1 Rxc1+ 28. Kg2 h6 0-1

[Event "Open Loire"]
[Site "?"]
[Date "2001.03.24"]
[Round "2"]
[White "Reissier, Aymeric"]
[Black "Gerey, Bernard"]
[Result "1-0"]
[WhiteElo "1360"]
[BlackElo "1240"]
[PlyCount "91"]
[EventDate "1996.??.??"]

1. d4 d5 2. Nf3 e6 3. g3 c5 4. c3 Nf6 5. Bg2 Nc6 6. Bg5 Be7 7. O-O O-O 8. Bxf6
Bxf6 9. dxc5 b6 10. cxb6 Qxb6 11. Qc2 Bb7 12. Nbd2 d4 13. cxd4 Bxd4 14. Nxd4
Nxd4 15. Qd3 Rfd8 16. Bxb7 Qxb7 17. b3 Rab8 18. Nf3 Nc6 19. Qe4 Ne7 20. Qxb7
Rxb7 21. e3 f5 22. Rfd1 Rf8 23. Rab1 Nd5 24. Re1 Rc7 25. Nd4 Re8 26. e4 fxe4
27. Rxe4 Nc3 28. Rxe6 Rd7 29. Rxe8+ Kf7 30. Rc1 Kxe8 31. Rxc3 Rxd4 32. Rc7 a5
33. Rxg7 Rd2 34. Rxh7 Rxa2 35. Ra7 Kd8 36. b4 a4 37. b5 Kc8 38. b6 Kb8 39. h4
a3 40. h5 Rc2 41. Rxa3 Rc6 42. Rb3 Kb7 43. Kg2 Rh6 44. g4 Rh8 45. Kg3 Kb8 46.
Kh4 1-0

[Event "Open Loire"]
[Site "?"]
[Date "2001.03.24"]
[Round "2"]
[White "Conesa, Antoine"]
[Black "Trottet, Francois"]
[Result "1-0"]
[WhiteElo "1420"]
[BlackElo "1270"]
[PlyCount "77"]
[EventDate "1996.??.??"]

1. e4 c5 2. Nf3 d6 3. c3 Nc6 4. Bb5 Bd7 5. O-O e6 6. Re1 a6 7. Bc4 Be7 8. d4 b5
9. Bd3 cxd4 10. cxd4 Qb6 11. Be3 d5 12. Ne5 Nxe5 13. dxe5 d4 14. Bd2 Rc8 15. a3
Bc5 16. b4 Be7 17. Qf3 f6 18. Bf4 fxe5 19. Bxe5 Bf6 20. Bxf6 Nxf6 21. e5 Bc6
22. Qh3 Bd7 23. exf6 gxf6 24. Qh5+ Kd8 25. Qf7 e5 26. f4 Be6 27. Qxf6+ Kc7 28.
Qxe5+ Kb7 29. Be4+ Ka7 30. Qg7+ Bd7 31. Qxd7+ Rc7 32. Qd5 d3+ 33. Kh1 Re7 34.
Qxd3 Rd8 35. Qf3 Qd4 36. Nc3 Rde8 37. Rad1 Qg7 38. Qe3+ Kb8 39. Qb6+ 1-0

[Event "Open Loire"]
[Site "?"]
[Date "2001.03.24"]
[Round "2"]
[White "Gerey, Jean-Pierre"]
[Black "Valet, Godeffroy"]
[Result "1-0"]
[WhiteElo "1280"]
[BlackElo "1420"]
[PlyCount "39"]
[EventDate "1996.??.??"]

1. e4 e6 2. d4 d5 3. e5 c5 4. c3 Nc6 5. Nf3 Qb6 6. Be2 Nh6 7. O-O Nf5 8. Bd3
cxd4 9. Bxf5 exf5 10. cxd4 Be7 11. Nc3 Be6 12. Qd3 O-O 13. b3 Rac8 14. Ng5 Nxd4
15. Be3 Bc5 16. Na4 Qd8 17. Nxc5 Nc6 18. Ncxe6 Nxe5 19. Qxf5 fxe6 20. Qxh7# 1-0

[Event "Open Loire"]
[Site "?"]
[Date "2001.03.24"]
[Round "2"]
[White "Rengame, Mohane"]
[Black "Pinte, Damien"]
[Result "1-0"]
[WhiteElo "1400"]
[BlackElo "1180"]
[PlyCount "31"]
[EventDate "1996.??.??"]

1. e4 c5 2. Nf3 d6 3. d4 cxd4 4. Nxd4 Nf6 5. Nc3 e6 6. Bg5 Be7 7. Bb5+ Bd7 8.
Bxd7+ Nbxd7 9. O-O a6 10. a3 b5 11. Nc6 Qc7 12. Nxe7 Kxe7 13. Qd2 e5 14. Nd5+
Kd8 15. Nxc7 Kxc7 16. Qa5+ 1-0

[Event "Open Loire"]
[Site "?"]
[Date "2001.03.24"]
[Round "2"]
[White "Mialon, Franck"]
[Black "Barthelemy, Jerome"]
[Result "0-1"]
[WhiteElo "1250"]
[BlackElo "1360"]
[PlyCount "94"]
[EventDate "1996.??.??"]

1. e4 c5 2. d4 cxd4 3. Qxd4 Nc6 4. Qd1 e6 5. Nc3 a6 6. Nf3 Qc7 7. e5 Nxe5 8.
Bf4 Nxf3+ 9. Qxf3 d6 10. O-O-O Nf6 11. Bg5 Be7 12. Bxf6 Bxf6 13. Re1 Bxc3 14.
bxc3 O-O 15. Bd3 Bd7 16. Qh5 h6 17. Re3 Qd8 18. Rg3 Qf6 19. Re1 Bb5 20. Ree3
Bc6 21. Rxg7+ Kxg7 22. Rg3+ Kh8 23. Rh3 Rg8 24. f4 Qxf4+ 25. Kb1 Qf6 26. Qd1
Bxg2 27. Rh5 Bf3 28. Qf1 Rg1 29. Qxg1 Bxh5 30. Qb6 Qd8 31. Qd4+ e5 32. Qe3 Qf6
33. Qb6 Qd8 34. Qe3 Kg7 35. Qg3+ Bg6 36. Qg2 d5 37. Bf5 e4 38. Qg4 e3 39. Bd3
Qb6+ 40. Ka1 Rd8 41. h4 h5 42. Qg5 d4 43. Bxg6 fxg6 44. Qe5+ Qf6 45. Qc7+ Kh6
46. Qh2 Re8 47. Qh1 e2 0-1